| 000 | 01084nam a22002175i 4500 | ||
|---|---|---|---|
| 001 | 159633 | ||
| 003 | ES-MaACL | ||
| 005 | 20251012210041.0 | ||
| 008 | 010524s1859 sp |||| | spa d | ||
| 040 |
_aCAM _bspa _cCAM |
||
| 245 | 0 | 0 |
_aMiguel el esclavo _b: drama en cuatro actos y un prólogo / _carreglado del francés por Eugenio de Olavarría y Manuel García Gonzalez. |
| 260 |
_aMadrid : _b[Círculo Literario Comercial], _c1859 ( _fimprenta de C. Gonzalez) |
||
| 300 |
_a85 p. ; _c21 cm. |
||
| 490 | 1 |
_aLa España Dramática / de Pablo Avecilla ; _v331 |
|
| 596 | 1 | _aMención de ed. y de serie tomados de la cub. | |
| 700 | 1 |
_aOlavarría y Huarte, Eugenio de, _d1853-1933 _9130603 |
|
| 700 | 1 |
_aGarcía González, Manuel. _9127208 |
|
| 830 | 0 |
_aLa España Dramática / de Pablo Avecilla ; _v331 _9188548 |
|
| 852 |
_aES-MaACL _jF-8557(10) _z-- Enc. pasta española _z-- An.ms.: ded. de los autores a Francisco Córcoles _q-- Falto de la cub. original _z-- Enc. en un vol. facticio formando parte de la col. "Teatro español moderno" v. 9 |
||
| 999 |
_c159633 _d159633 |
||